000
00293nam a2200121Ia 4500
008
220120s9999||||xx |||||||||||||| ||und||
082
_a
005.1 OMU
100
_a
Omura, George
_9
5853
245
0
_a
ABC`s of auto LISP
260
_b
New Delhi
_c
1990
300
_a
512p.
_b
600
650
_a
YEAR BOOKS
999
_c
136207
_d
136207